| 000 | 00714nam a2200217Ia 4500 | ||
|---|---|---|---|
| 999 |
_c36892 _d36892 |
||
| 001 | 2843 | ||
| 003 | GE_BSU | ||
| 005 | 20221027151351.0 | ||
| 008 | 181216s2006ru xx |||||||||||||| ||rus|| | ||
| 020 | _a996052471-x | ||
| 040 | _cGE_BSU | ||
| 041 | _arus | ||
| 080 | _a28 К-77 | ||
| 245 |
_aКраткое иллюстрированное руководство для понимания ислама . _bIllustrated Guide to Understanding Islam" / _cI.A. Ibrahim |
||
| 260 | _cИзд. 2-Е | ||
| 264 |
_aМосква, _c2006. |
||
| 300 |
_a102 с.: _b 21 см. |
||
| 653 | _aКраткое иллюстрированное руководство | ||
| 653 | _aრელიგია | ||
| 942 |
_cBK _2udc |
||